| 000 | 00391nam a2200169Ia 4500 | ||
|---|---|---|---|
| 008 | 230524s9999 xx 000 0 und d | ||
| 020 | _a8172245173 | ||
| 082 | _bEAS | ||
| 100 |
_aEknath Easwaran _941747 |
||
| 245 | 0 | _aGandhi the Man | |
| 250 | _a1 | ||
| 260 |
_aMumbai _bJaico _c2015 |
||
| 300 | _a213p; | ||
| 500 | _aQuantity Number: 1 | ||
| 650 |
_aMisalliance _941748 |
||
| 942 | _cBK | ||
| 999 |
_c56197 _d56197 |
||